ՀՀ Գիտությունների ազգային ակադեմիայի հիմնարար գիտական գրադարան  =   Fundamental Scientific Library of NAS RA

Теории моноцентризма и полицентризма в проблеме происхождения современного человека и его рас / (Record no. 180601)

MARC details
000 -LEADER
fixed length control field 01121nam a2200229 a 4500
001 - CONTROL NUMBER
control field 000490251
003 - CONTROL NUMBER IDENTIFIER
control field AM-YeHGA
005 - DATE AND TIME OF LATEST TRANSACTION
control field 20250617134345.0
008 - FIXED-LENGTH DATA ELEMENTS--GENERAL INFORMATION
fixed length control field 060525s1949 ||| r 000 0 rus d
040 ## - CATALOGING SOURCE
Original cataloging agency AM-YeHGA
041 0# - LANGUAGE CODE
Language code of text/sound track or separate title rus
090 ## - LOCALLY ASSIGNED LC-TYPE CALL NUMBER (OCLC); LOCAL CALL NUMBER (RLIN)
-- 182051
100 1# - MAIN ENTRY--PERSONAL NAME
Personal name Рогинский, Я.Я
245 10 - TITLE STATEMENT
Title Теории моноцентризма и полицентризма в проблеме происхождения современного человека и его рас /
Statement of responsibility, etc. Я.Я. Рогинский; МГУ им. М.В. Ломоносова, Музей антропологии.
260 ## - PUBLICATION, DISTRIBUTION, ETC.
Place of publication, distribution, etc. Москва :
Name of publisher, distributor, etc. МГУ,
Date of publication, distribution, etc. 1949.
300 ## - PHYSICAL DESCRIPTION
Extent 155 с. :
Other physical details ил.
504 ## - BIBLIOGRAPHY, ETC. NOTE
Bibliography, etc. note Библиогр.: с. 106-109
653 0# - INDEX TERM--UNCONTROLLED
Uncontrolled term Человек - Происхождение - Проблема количества центров происхождения
653 0# - INDEX TERM--UNCONTROLLED
Uncontrolled term Человеческие рассы - Происхождение
710 2# - ADDED ENTRY--CORPORATE NAME
Corporate name or jurisdiction name as entry element Московский государственный университет им. М.В. Ломоносова.
710 2# - ADDED ENTRY--CORPORATE NAME
Corporate name or jurisdiction name as entry element Музей антропологии
Holdings
Withdrawn status Lost status Source of classification or shelving scheme Damaged status Not for loan Collection Home library Current library Date acquired Total checkouts Full call number Barcode Date last seen Price effective from Koha item type Public note
    Universal Decimal Classification     Jahukyan Individual Collection Fundamental Scientific Library Fundamental Scientific Library 28/12/2016   Джаук/2141 906002141 28/12/2016 28/12/2016 Գրքեր / Books ILL Non-Circ.
          General Fundamental Scientific Library Fundamental Scientific Library 29/01/2020   РД II/66423 FL0615728 29/01/2020 29/01/2020 Գրքեր / Books 30 Days Loan


ՀՀ ԳԱԱ հիմնարար գիտական գրադարան
ՀՀ,Երևան 0019
Մարշալ Բաղրամյան 24/6
հեռախոս:(374-10) 52-47-50
Հետադարձ կապ

All site content, except where otherwise noted, is licensed under a
Creative Commons License